Deutsche Zustände / 1
| Contributors: | |
|---|---|
| Format: | Print Book |
| Language: | German |
| Published: |
2002
|
| In: |
Deutsche Zustände
Year: 2002 |
| Edition: | 1. Aufl., Orig.-Ausg. |
| Availability in Tübingen: | Present in Tübingen. IFK: O X 541-1 |
| Check availability: | HBZ Gateway |
| Subito Delivery Service: | Order now. |
| Keywords: |
MARC
| LEADER | 00000cam a2200000 cc4500 | ||
|---|---|---|---|
| 001 | 1172477914 | ||
| 003 | DE-627 | ||
| 005 | 20250817104533.0 | ||
| 007 | tu | ||
| 008 | 021217s2002 xx ||||| 00| ||ger c | ||
| 020 | |a 3518122908 |9 3-518-12290-8 | ||
| 035 | |a (DE-627)1172477914 | ||
| 035 | |a (DE-576)102477914 | ||
| 035 | |a (DE-599)BSZ102477914 | ||
| 035 | |a (OCoLC)634753135 | ||
| 040 | |a DE-627 |b ger |c DE-627 |e rakwb | ||
| 041 | |a ger | ||
| 084 | |a MS 1204 |q DE-FR129/1005 |2 rvk |0 (DE-625)rvk/123559: | ||
| 084 | |a MS 4410 |q DE-FR129/1005 |2 rvk |0 (DE-625)rvk/123699: | ||
| 084 | |a MS 4710 |q DE-Frei129/1005 |2 rvk |0 (DE-625)rvk/123709: | ||
| 245 | 0 | 0 | |a Deutsche Zustände |n 1 |
| 250 | |a 1. Aufl., Orig.-Ausg. | ||
| 264 | 1 | |c 2002 | |
| 300 | |a 301 S. |b graph. Darst | ||
| 336 | |a Text |b txt |2 rdacontent | ||
| 337 | |a ohne Hilfsmittel zu benutzen |b n |2 rdamedia | ||
| 338 | |a Band |b nc |2 rdacarrier | ||
| 490 | 0 | |a Edition Suhrkamp |v 2290 | |
| 700 | 1 | |a Heitmeyer, Wilhelm |d 1945- |0 (DE-588)124197396 |0 (DE-627)08570072X |0 (DE-576)161365442 |4 oth | |
| 773 | 1 | 8 | |a Deutsche Zustände |w (DE-627)359570852 |w (DE-576)103816275 |w (DE-600)2098912-X |g 1 |q 1 |7 nnas |
| 935 | |a SAXB |a BWLB | ||
| 936 | r | v | |a MS 1204 |b Deutschland (Bundesrepublik) |k Soziologie |k Spezielle Soziologien |k Analysen einzelner Länder |k Europa |k Deutschland (Bundesrepublik) |0 (DE-627)1271143445 |0 (DE-625)rvk/123559: |0 (DE-576)201143445 |
| 936 | r | v | |a MS 4410 |b Zivilgesellschaft |k Soziologie |k Spezielle Soziologien |k Politische Soziologie |k Zivilgesellschaft |0 (DE-627)132611381X |0 (DE-625)rvk/123699: |0 (DE-576)256113815 |
| 936 | r | v | |a MS 4710 |b Nationalsozialismus, Faschismus, Rechtsradikalismus |k Soziologie |k Spezielle Soziologien |k Politische Soziologie |k Nationalsozialismus, Faschismus, Rechtsradikalismus |0 (DE-627)1271441187 |0 (DE-625)rvk/123709: |0 (DE-576)201441187 |
| 951 | |a MV | ||
| ELC | |b 1 | ||
| LOK | |0 000 xxxxxcx a22 zn 4500 | ||
| LOK | |0 001 242093637X | ||
| LOK | |0 003 DE-627 | ||
| LOK | |0 004 1172477914 | ||
| LOK | |0 005 20090505085728 | ||
| LOK | |0 008 030225||||||||||||||||ger||||||| | ||
| LOK | |0 040 |a DE-21-110 |c DE-627 |d DE-21-110 | ||
| LOK | |0 541 |e 03/13 | ||
| LOK | |0 689 |a s |0 131113722X |a Fremdenfeindlichkeit | ||
| LOK | |0 689 |a s |0 1311137238 |a Menschenfeindlichkeit | ||
| LOK | |0 689 |a s |0 131112117X |a Menschenwürde | ||
| LOK | |0 689 |a s |0 1311119248 |a Rassismus | ||
| LOK | |0 852 |a DE-21-110 | ||
| LOK | |0 852 1 |c O X 541-1 |m p |9 00 | ||
| LOK | |0 935 |a k110 | ||
| LOK | |0 936ln |a 4.3.1 | ||
| LOK | |0 938 |k p | ||
| LOK | |0 939 |a 25-02-03 |b l01 | ||
| ORI | |a SA-MARC-krimdoka001.raw | ||
| SIG | |a IFK: O X 541-1 | ||
